|
|
|
|
| LEADER |
00693nam a2200205Ia 4500 |
| 001 |
CTU_127018 |
| 008 |
210402s9999 xx 000 0 und d |
| 020 |
|
|
|c 97.50
|
| 082 |
|
|
|a 025.21
|
| 082 |
|
|
|b J66
|
| 100 |
|
|
|a Johnson, Peggy
|
| 245 |
|
0 |
|a Fundamentals of collection development & management
|
| 245 |
|
0 |
|c Johnson, Peggy
|
| 260 |
|
|
|a Chicago
|
| 260 |
|
|
|b American Library Association
|
| 260 |
|
|
|c 2004
|
| 650 |
|
|
|a Collection development (Libraries),Collection management (Libraries),Collection development (Libraries),Collection management (Libraries)
|
| 650 |
|
|
|z United States,United States
|
| 904 |
|
|
|i Nguyên
|
| 980 |
|
|
|a Trung tâm Học liệu Trường Đại học Cần Thơ
|